000 00421cam a2200169ua 4500
020 _c2.25
041 _amal
_h
082 _a894.812308
_bCOR/BA
100 _aCorelli, Marie .
245 _aBarabas /
_cMarie Corelli.
_hTextual Documents
260 _aKottayam :
_bSahitya Pravarthaka Co-operative Society ,
_c1955.
300 _a371 ; .
365 _a2.25
504 _a
942 _cBK
999 _c4653
_d4653